[Event "4NCL/Div4a/GUI4 vs. HKFC"]
[Site "Telford ENG"]
[Date "2005.05.28"]
[Round "9.3"]
[White "Allinson, Julian"]
[Black "Goodwin, Ed"]
[Result "1/2-1/2"]
[WhiteElo "2107"]
[BlackElo "2005"]
[PlyCount "117"]
[EventDate "2005.05.28"]
[SourceDate "2004.09.21"]

1. d4 e6 2. Nf3 f5 3. g3 Nf6 4. Bg2 Be7 5. O-O O-O 6. c4 d6 7. Nc3 Qe8 8. Re1
Qg6 9. e4 fxe4 10. Nxe4 Nxe4 11. Rxe4 Nc6 12. Re2 Bf6 13. Be3 e5 14. dxe5 Nxe5
15. Nxe5 Bxe5 16. c5 Bg4 17. Qb3+ Kh8 18. Rd2 Rab8 19. f4 Bf6 20. cxd6 cxd6 21.
Bxa7 Rbe8 22. Bf3 h5 23. Bxg4 Qxg4 24. Qd1 Qxd1+ 25. Raxd1 Ra8 26. Bd4 Rxa2 27.
Bc3 Bxc3 28. bxc3 Rxd2 29. Rxd2 Rc8 30. Rxd6 Rxc3 31. Rd5 g6 32. Rd7 b5 33. Rb7
h4 34. Kg2 hxg3 35. hxg3 Rb3 36. Kh3 Rb1 37. Kh4 b4 38. Kg5 Rg1 39. g4 b3 40.
Rxb3 Kg7 41. Rb6 Kh7 42. Rc6 Rg2 43. Rc1 Rg3 44. Kh4 Rg2 45. Kh3 Ra2 46. Rc7+
Kh8 47. Kg3 Rb2 48. Kf3 Rb4 49. Rd7 Ra4 50. g5 Kg8 51. Ke3 Ra1 52. Ke4 Re1+ 53.
Kd5 Re2 54. Rc7 Re1 55. Rc6 Kf7 56. Rf6+ Kg7 57. Re6 Rd1+ 58. Ke5 Re1+ 59. Kd6
1/2-1/2

[Event "4NCL/Div4a/GUI4 vs. HKFC"]
[Site "Telford ENG"]
[Date "2005.05.28"]
[Round "9.4"]
[White "Forman, Karl L"]
[Black "Shepley, Julien M"]
[Result "1-0"]
[WhiteElo "2025"]
[BlackElo "2114"]
[PlyCount "57"]
[EventDate "2005.05.28"]
[SourceDate "2004.09.21"]

1. e4 d5 2. exd5 Qxd5 3. Nc3 Qd6 4. h3 Nf6 5. Nf3 a6 6. d4 Bf5 7. Bd3 Bxd3 8.
Qxd3 e6 9. O-O Nc6 10. a3 Be7 11. b4 Rd8 12. Ne2 O-O 13. Bf4 Qd7 14. c4 Nh5 15.
Bh2 Bd6 16. Rfd1 Bxh2+ 17. Kxh2 Qd6+ 18. g3 Rfe8 19. Qe4 Nf6 20. Qh4 Ne7 21.
Ne5 Nf5 22. Qf4 Nh5 23. Qf3 f6 24. Qxh5 fxe5 25. dxe5 Qxe5 26. Rxd8 Rxd8 27.
Rd1 Rf8 28. Rd7 g6 29. Qxh7# 1-0

[Event "4NCL/Div4a/GUI4 vs. HKFC"]
[Site "Telford ENG"]
[Date "2005.05.28"]
[Round "9.5"]
[White "Stimpson, Philip M"]
[Black "Greatorex, Roger"]
[Result "1/2-1/2"]
[WhiteElo "2125"]
[BlackElo "1955"]
[PlyCount "88"]
[EventDate "2005.05.28"]
[SourceDate "2004.09.21"]

1. e4 e6 2. Nc3 c5 3. Nf3 a6 4. g3 Nc6 5. Bg2 Be7 6. O-O b5 7. e5 f5 8. d4 cxd4
9. Nxd4 Bb7 10. Be3 Qc7 11. f4 Nxd4 12. Bxd4 Bxg2 13. Kxg2 Nh6 14. a3 O-O 15.
Qf3 Nf7 16. Rad1 Rac8 17. Rd3 Nd8 18. Rfd1 Rf7 19. Ne2 Nc6 20. Rc3 g6 21. Bc5
Bxc5 22. Rxc5 Qb6 23. b4 Rc7 24. Rd6 Qa7 25. Qc3 Rf8 26. Nd4 Rfc8 27. Nxc6 Rxc6
28. Rcxc6 Rxc6 29. Rxc6 Qb7 30. Kf3 dxc6 31. Qc5 Kf7 32. Ke3 Qd7 33. Qd6 Qa7+
34. Kd3 Qg1 35. Qd7+ Kf8 36. Qd8+ Kg7 37. Qf6+ Kh6 38. Qh4+ Kg7 39. Qe7+ Kh6
40. Qxe6 Qd1+ 41. Kc3 Qa1+ 42. Kd2 Qd4+ 43. Ke2 Qe4+ 44. Kd1 Qd4+ 1/2-1/2

[Event "4NCL/Div4a/GUI4 vs. HKFC"]
[Site "Telford ENG"]
[Date "2005.05.28"]
[Round "9.6"]
[White "Bullock, Andrew"]
[Black "Hill, David F"]
[Result "1-0"]
[WhiteElo "1985"]
[BlackElo "2071"]
[PlyCount "63"]
[EventDate "2005.05.28"]
[SourceDate "2004.09.21"]

1. c4 e6 2. g3 d5 3. Bg2 Nf6 4. Nf3 dxc4 5. Ne5 Qd4 6. Nf3 Qc5 7. O-O Nc6 8. a3
Be7 9. Nc3 Rb8 10. d4 cxd3 11. Qxd3 a6 12. Be3 Qh5 13. h4 O-O 14. Qc2 e5 15.
Rad1 Bf5 16. Qa4 b5 17. Qxa6 Nd4 18. Nxd4 exd4 19. Bxd4 c5 20. Be3 b4 21. Nd5
Nxd5 22. Rxd5 Qg4 23. Bxc5 Bxc5 24. Rxc5 bxa3 25. bxa3 Bc8 26. Qc4 Qxc4 27.
Rxc4 Ba6 28. Rc2 Rfe8 29. Re1 Rb3 30. Ra2 Bc4 31. Rc1 Bxe2 32. Rxe2 1-0

[Event "4NCL/Div4a/SXM vs. CONQ"]
[Site "Telford ENG"]
[Date "2005.05.28"]
[Round "9.1"]
[White "Fryer, David"]
[Black "Prizant, Michael"]
[Result "0-1"]
[WhiteElo "2088"]
[BlackElo "2125"]
[PlyCount "76"]
[EventDate "2005.05.28"]
[SourceDate "2004.09.21"]

1. e4 c5 2. Nc3 e6 3. g3 d5 4. exd5 exd5 5. d4 cxd4 6. Qxd4 Nf6 7. Bb5+ Nc6 8.
Nge2 Be7 9. Qa4 O-O 10. Be3 Bd7 11. Nd4 Qc8 12. Qb3 a6 13. Nxc6 bxc6 14. Bd3
Rb8 15. Qa4 c5 16. Qh4 Bf5 17. Bxf5 Qxf5 18. Nd1 d4 19. Qg5 Qe6 20. O-O dxe3
21. Nxe3 Ne4 22. Qh5 g6 23. Qe2 Rxb2 24. Nd1 Rb6 25. Re1 Ng5 26. Ne3 Qe4 27.
Ng2 Qxe2 28. Rxe2 Bf6 29. Rd1 Rb2 30. Nf4 Rxa2 31. Kg2 Bd4 32. Nd3 Ne6 33. Rb1
a5 34. Rb7 c4 35. Ne1 a4 36. Re4 Nc5 37. Rxd4 Nxb7 38. Rxc4 Nd6 0-1

[Event "4NCL/Div4a/SXM vs. CONQ"]
[Site "Telford ENG"]
[Date "2005.05.28"]
[Round "9.2"]
[White "Jackson, Paul G"]
[Black "Prescott, Adam"]
[Result "1-0"]
[WhiteElo "1950"]
[BlackElo "1935"]
[PlyCount "53"]
[EventDate "2005.05.28"]
[SourceDate "2004.09.21"]

1. d4 Nf6 2. c4 g6 3. f3 Bg7 4. e4 d6 5. Be3 O-O 6. Nc3 c6 7. Qd2 Re8 8. O-O-O
a6 9. h4 h5 10. Bh6 Bh8 11. g4 Qc7 12. Nge2 Nbd7 13. Ng3 c5 14. gxh5 cxd4 15.
Nd5 Nxd5 16. exd5 Ne5 17. hxg6 fxg6 18. Qc2 Qb6 19. f4 d3 20. Bxd3 Nxd3+ 21.
Rxd3 Kf7 22. f5 gxf5 23. Rf3 Rg8 24. Rhf1 Bf6 25. Nxf5 Bxf5 26. Rxf5 Rac8 27.
Rxf6+ 1-0

[Event "4NCL/Div4a/SXM vs. CONQ"]
[Site "Telford ENG"]
[Date "2005.05.28"]
[Round "9.3"]
[White "Bucher, Grant"]
[Black "Foster, James C"]
[Result "0-1"]
[WhiteElo "1935"]
[BlackElo "1835"]
[PlyCount "120"]
[EventDate "2005.05.28"]
[SourceDate "2004.09.21"]

1. d4 d5 2. Bg5 Nf6 3. Nf3 e6 4. e3 c5 5. c3 Bd6 6. dxc5 Bxc5 7. Nbd2 Nc6 8.
Nb3 Be7 9. Bd3 h6 10. Bh4 a6 11. O-O O-O 12. Nbd4 Nd7 13. Bxe7 Qxe7 14. c4 Nxd4
15. Nxd4 dxc4 16. Bxc4 Nb6 17. Rc1 e5 18. Nb3 Bf5 19. Qe2 Rac8 20. Bd3 Be6 21.
Rxc8 Rxc8 22. Nc1 Na4 23. b3 Nc5 24. f3 Nxd3 25. Nxd3 f6 26. Rd1 a5 27. Nb2 Qc5
28. Na4 Qc6 29. Kf2 b5 30. Nb2 Kf7 31. Rd2 Ke7 32. Qd3 f5 33. Nd1 Qd7 34. Qxd7+
Bxd7 35. Nb2 Be6 36. Ke2 Rd8 37. Rc2 Rc8 38. Rd2 g5 39. Nd3 Kf6 40. Nf2 h5 41.
h3 a4 42. bxa4 bxa4 43. Nd1 Bc4+ 44. Ke1 Ke6 45. Rc2 Rc6 46. Kd2 Kd6 47. g3 Bd5
48. Rxc6+ Kxc6 49. f4 gxf4 50. gxf4 exf4 51. exf4 Bxa2 52. Kd3 Bb1+ 53. Kd4 a3
54. Nc3 a2 55. Nxa2 Bxa2 56. Ke5 Bb1 57. Kf6 Kd5 58. Kg5 Ke4 59. h4 Ba2 60.
Kxh5 Kxf4 0-1

[Event "4NCL/Div4a/SXM vs. CONQ"]
[Site "Telford ENG"]
[Date "2005.05.28"]
[Round "9.4"]
[White "Goldberg, Nathan"]
[Black "Tucker, Andrew"]
[Result "1/2-1/2"]
[WhiteElo "1905"]
[BlackElo "1944"]
[PlyCount "171"]
[EventDate "2005.05.28"]
[SourceDate "2004.09.21"]

1. e4 c5 2. Nf3 e6 3. d4 cxd4 4. Nxd4 Nf6 5. Nc3 Nc6 6. g3 d5 7. Bg2 Bb4 8. O-O
Bxc3 9. bxc3 dxe4 10. Nxc6 Qxd1 11. Rxd1 bxc6 12. Ba3 Bd7 13. Rd4 Rc8 14. Bc5
e5 15. Rd2 Be6 16. a4 Nd7 17. Bxa7 f5 18. Be3 O-O 19. Rd6 Rf6 20. a5 c5 21. Bh3
h6 22. a6 g5 23. Rxe6 Rxe6 24. Bxf5 Re7 25. a7 Ra8 26. Bxe4 Ree8 27. Bxa8 Rxa8
28. Ra5 Kg7 29. Bxc5 Nxc5 30. Rxc5 Rxa7 31. Rxe5 Ra2 32. c4 Rxc2 33. Rc5 Kf7
34. Rc7+ Ke6 35. Rc6+ Kf5 36. Rxh6 Rxc4 37. Kg2 Ra4 38. Rb6 Rc4 39. Rb5+ Kg6
40. Rd5 Ra4 41. Rd3 g4 42. Rd5 Ra2 43. Rd4 Kg5 44. Rf4 Rb2 45. h4+ Kh5 46. Rf5+
Kh6 47. Rg5 Rb4 48. f4 gxf3+ 49. Kxf3 Rb3+ 50. Kg2 Rb2+ 51. Kh3 Rb3 52. Rf5 Kg6
53. Rf4 Kh5 54. Rf5+ Kg6 55. Rc5 Ra3 56. h5+ Kh6 57. Kh4 Ra4+ 58. g4 Rb4 59.
Rc6+ Kh7 60. Rf6 Kg7 61. Rd6 Kh7 62. Kg5 Kg7 63. Rd7+ Kh8 64. Rf7 Kg8 65. Rf6
Kg7 66. h6+ Kh7 67. Kh5 Ra4 68. g5 Ra5 69. Rf7+ Kg8 70. Rf4 Kh7 71. Rd4 Rb5 72.
Rf4 Ra5 73. Kg4 Kg6 74. Rf6+ Kh7 75. Rf5 Ra4+ 76. Kh5 Ra1 77. Rf7+ Kg8 78. Kg6
Ra6+ 79. Rf6 Ra8 80. h7+ Kh8 81. Kh6 Ra6 82. Kg6 Ra8 83. Rf7 Ra6+ 84. Rf6 Ra8
85. Rb6 Ra6 86. Rf6 1/2-1/2

[Event "4NCL/Div4a/SXM vs. CONQ"]
[Site "Telford ENG"]
[Date "2005.05.28"]
[Round "9.5"]
[White "Richardson, Joe"]
[Black "Ryan, Raymond"]
[Result "1-0"]
[WhiteElo "2001"]
[BlackElo "1720"]
[PlyCount "79"]
[EventDate "2005.05.28"]
[SourceDate "2004.09.21"]

1. d4 Nf6 2. c4 g6 3. Nf3 Bg7 4. Bf4 d6 5. e3 Nc6 6. a3 Bf5 7. Nc3 O-O 8. Be2
Re8 9. d5 e5 10. Bg5 Ne7 11. Nd2 h6 12. Bh4 c6 13. e4 g5 14. Bg3 Bg6 15. h4
cxd5 16. cxd5 Rc8 17. Bb5 Rf8 18. Bd3 Qb6 19. Rb1 Bh5 20. Be2 Bxe2 21. Qxe2 Nd7
22. hxg5 hxg5 23. Qg4 f5 24. Qxg5 f4 25. Bh4 Rf7 26. Qg4 Qc7 27. Nf3 Nf6 28.
Bxf6 Rxf6 29. Ng5 Rg6 30. Qh4 Bh6 31. Ne6 Qd7 32. g4 fxg3 33. fxg3 Rc4 34. Qh5
a5 35. Ke2 b5 36. Rbf1 Qe8 37. g4 b4 38. g5 bxc3 39. Rf8+ Bxf8 40. Qh7# 1-0

[Event "4NCL/Div4a/SXM vs. CONQ"]
[Site "Telford ENG"]
[Date "2005.05.28"]
[Round "9.6"]
[White "Foster, Caroline"]
[Black "Bayliss, Lyall C P"]
[Result "0-1"]
[WhiteElo "1460"]
[BlackElo "1840"]
[PlyCount "74"]
[EventDate "2005.05.28"]
[SourceDate "2004.09.21"]

1. d4 d5 2. e3 e6 3. Bd3 Nf6 4. Nf3 Be7 5. Nbd2 Nbd7 6. O-O O-O 7. e4 dxe4 8.
Nxe4 Nxe4 9. Bxe4 Nf6 10. Re1 Nxe4 11. Rxe4 b6 12. Qd3 Bf6 13. Re1 Bb7 14. Ne5
Qd5 15. f3 Rfd8 16. Be3 c5 17. c4 Qd6 18. Bf4 Qxd4+ 19. Qxd4 Rxd4 20. Be3 Bxe5
21. Bxd4 Bxd4+ 22. Kf1 Bxb2 23. Rad1 Ba6 24. Re4 Bd4 25. Rc1 e5 26. Rc2 f5 27.
Rh4 Re8 28. Ke2 e4 29. Rf4 exf3+ 30. Kxf3 Re3+ 31. Kf2 Rc3+ 32. Ke1 Rxc2 33.
Rxf5 Bxc4 34. Kd1 Rxa2 35. Ke1 Bd3 36. Rf3 Bc3+ 37. Kd1 Ra1# 0-1

[Event "4NCL/Div4a/CHED vs. RICB"]
[Site "Telford ENG"]
[Date "2005.05.28"]
[Round "9.1"]
[White "Gilmore, Simon N"]
[Black "O'Toole, George"]
[Result "1/2-1/2"]
[WhiteElo "2105"]
[BlackElo "1896"]
[PlyCount "114"]
[EventDate "2005.05.28"]
[SourceDate "2004.09.21"]

1. e4 e5 2. Nf3 Nc6 3. d4 exd4 4. Nxd4 Nf6 5. Nxc6 bxc6 6. e5 Qe7 7. Qe2 Nd5 8.
c4 Nb6 9. b3 Qe6 10. a3 Ba6 11. Bb2 g6 12. f4 Bg7 13. Nc3 O-O 14. O-O-O Rfe8
15. Qf2 d6 16. Bd3 dxe5 17. f5 gxf5 18. Bxf5 Qh6+ 19. Kb1 Rab8 20. Kc2 Bxc4 21.
bxc4 Nxc4 22. Bc1 Qxc1+ 23. Kxc1 Bh6+ 24. Rd2 Bxd2+ 25. Kd1 Bf4 26. Bxh7+ Kxh7
27. Qh4+ Kg7 28. Ke2 Rb2+ 29. Kd3 Nd6 30. Ne4 Nxe4 31. Kxe4 Rd2 32. g3 Bh6 33.
Qg4+ Kh8 34. Qh5 Rd4+ 35. Kf5 Kg7 36. Rd1 Rxd1 37. Qxd1 e4 38. g4 Be3 39. g5
Bc5 40. Qh5 Re6 41. Qe2 Bd6 42. Qe3 Bxh2 43. Qc3+ Be5 44. Qe3 Bd6 45. a4 Re5+
46. Kg4 Kg6 47. Qf4 Re6 48. Qe3 c5 49. Qh3 Kg7 50. Qc3+ Kf8 51. Qe3 a5 52. Kf5
c4 53. g6 Rxg6 54. Qxe4 c3 55. Qc6 Rg3 56. Kf6 Rg6+ 57. Kf5 Rg3 1/2-1/2

[Event "4NCL/Div4a/CHED vs. RICB"]
[Site "Telford ENG"]
[Date "2005.05.28"]
[Round "9.2"]
[White "Zhou, Yang-Fan"]
[Black "Lee, Chon-Yiu"]
[Result "0-1"]
[WhiteElo "1880"]
[BlackElo "2120"]
[PlyCount "112"]
[EventDate "2005.05.28"]
[SourceDate "2004.09.21"]

1. c4 g6 2. g3 Bg7 3. Bg2 Nf6 4. Nc3 d6 5. e3 c5 6. Nge2 Nc6 7. O-O O-O 8. d4
Bd7 9. a3 Qc8 10. Nf4 Ne8 11. dxc5 dxc5 12. Na4 b6 13. Nd5 Rb8 14. Nac3 e6 15.
Nf4 Ne5 16. Qe2 Nd6 17. Rd1 Ndxc4 18. Nd3 Nxd3 19. Qxd3 Ne5 20. Qe2 Bc6 21. Ne4
Qb7 22. Nd6 Bf3 23. Nxb7 Bxe2 24. Re1 Bf3 25. Nd6 Rfd8 26. Nb5 Nd3 27. Rf1 Be2
28. Nxa7 Bxf1 29. Kxf1 Nxc1 30. Rxc1 Bxb2 31. Rb1 Rd2 32. Nc6 Re8 33. Ke1 Rc2
34. Be4 Bc3+ 35. Kf1 Rb2 36. Rxb2 Bxb2 37. a4 Bc3 38. Bd3 Kg7 39. Bb5 Rc8 40.
Ke2 Rc7 41. Kd3 Bb4 42. Kc4 Be1 43. f3 Kf6 44. Kd3 Rd7+ 45. Ke2 Bc3 46. Nd4 Ra7
47. Nc6 Rd7 48. Nd4 Rd8 49. Nb3 h5 50. e4 g5 51. f4 g4 52. Bd3 Ra8 53. Bb5 Bd4
54. Nd2 Bg1 55. Nf1 Rd8 56. e5+ Ke7 0-1

[Event "4NCL/Div4a/CHED vs. RICB"]
[Site "Telford ENG"]
[Date "2005.05.28"]
[Round "9.3"]
[White "Simpson, Christopher"]
[Black "Kenyon, Scott"]
[Result "1-0"]
[WhiteElo "1960"]
[BlackElo "1875"]
[PlyCount "93"]
[EventDate "2005.05.28"]
[SourceDate "2004.09.21"]

1. d4 e6 2. Nf3 f5 3. g3 Nf6 4. Bg2 Be7 5. O-O d6 6. c4 O-O 7. Nc3 a5 8. Qc2
Nc6 9. e4 e5 10. dxe5 dxe5 11. Rd1 Qe8 12. Nd5 Nxd5 13. exd5 Nb4 14. Qe2 e4 15.
Ne1 g5 16. a3 Na6 17. Bd2 Nc5 18. Bc3 Bf6 19. Bxf6 Rxf6 20. b4 Na4 21. Qe3 f4
22. Qd4 Qf7 23. Bxe4 f3 24. c5 h5 25. d6 cxd6 26. cxd6 Be6 27. bxa5 Bb3 28. Rd3
h4 29. Rxb3 Qxb3 30. Bd5+ Qxd5 31. Qxd5+ Kf8 32. Qd4 Re6 33. Qxa4 h3 34. Nxf3
Rxd6 35. Nxg5 Rad8 36. Qf4+ Kg7 37. Nxh3 b5 38. axb6 Kh8 39. Ng5 R6d7 40. Rb1
Rd1+ 41. Rxd1 Rxd1+ 42. Kg2 Kg7 43. h4 Kh6 44. Qf6+ Kh5 45. b7 Rb1 46. Qh8+ Kg4
47. b8=Q 1-0

[Event "4NCL/Div4a/CHED vs. RICB"]
[Site "Telford ENG"]
[Date "2005.05.28"]
[Round "9.4"]
[White "O'Toole, Tony"]
[Black "Sullivan, Daniel J S"]
[Result "0-1"]
[WhiteElo "1670"]
[BlackElo "1970"]
[PlyCount "86"]
[EventDate "2005.05.28"]
[SourceDate "2004.09.21"]

1. e4 c5 2. Nf3 d6 3. Be2 Nf6 4. O-O Nxe4 5. Re1 Nf6 6. Nc3 e6 7. d4 cxd4 8.
Qxd4 Nc6 9. Bb5 Bd7 10. Bxc6 Bxc6 11. Bg5 Be7 12. Rad1 O-O 13. Bxf6 gxf6 14.
Qg4+ Kh8 15. Ne2 Rg8 16. Qh5 Rg7 17. Ned4 Bd5 18. g3 Qg8 19. b3 Re8 20. c4 Bc6
21. Qa5 Bxf3 22. Nxf3 Ra8 23. Qc7 Qe8 24. Qxb7 Rg8 25. Re4 f5 26. Ree1 f4 27.
Nd4 fxg3 28. fxg3 Rg5 29. Rf1 a5 30. Qf3 Qg8 31. Qc3 Qg7 32. Rd3 Bf6 33. Qd2 d5
34. c5 Be7 35. Qc3 Rc8 36. c6 Bf6 37. Qd2 Rg4 38. Rf4 e5 39. Rxg4 Qxg4 40. Nb5
Rxc6 41. Rxd5 Bg5 42. Qf2 Rc1+ 43. Kg2 Qe4+ 0-1

[Event "4NCL/Div4a/CONQ vs. RICB"]
[Site "Telford ENG"]
[Date "2005.05.29"]
[Round "10.1"]
[White "Prizant, Michael"]
[Black "O'Toole, George"]
[Result "1-0"]
[WhiteElo "2125"]
[BlackElo "1896"]
[PlyCount "85"]
[EventDate "2005.05.29"]
[SourceDate "2004.09.21"]

1. e4 e5 2. Nf3 Nc6 3. d4 exd4 4. Nxd4 Nf6 5. Nxc6 bxc6 6. e5 Qe7 7. Qe2 Nd5 8.
c4 Nb6 9. b3 Qe6 10. g3 Ba6 11. Nd2 Bb4 12. Bb2 O-O 13. O-O-O Rfe8 14. Qh5 Qe7
15. f4 Rab8 16. Bd3 g6 17. Qh6 Ba3 18. Ne4 Bxb2+ 19. Kxb2 f5 20. Nf6+ Kh8 21.
Nxe8 Qxe8 22. Qg5 Kg8 23. Qf6 Bxc4 24. Bxc4+ Nxc4+ 25. Kb1 Ne3 26. Rd3 Ng4 27.
Qg5 Nf2 28. Rhd1 Nxd3 29. Rxd3 Qe6 30. h3 d6 31. g4 fxg4 32. hxg4 Rf8 33. Kb2
Kg7 34. Ka3 c5 35. Rh3 Rh8 36. f5 Qxe5 37. Re3 Qd4 38. f6+ Qxf6 39. Re7+ Qxe7
40. Qxe7+ Kg8 41. Qd8+ Kg7 42. Qxc7+ Kg8 43. Qxd6 1-0

[Event "4NCL/Div4a/CONQ vs. RICB"]
[Site "Telford ENG"]
[Date "2005.05.29"]
[Round "10.2"]
[White "Zhou, Yang-Fan"]
[Black "Jackson, Paul G"]
[Result "1-0"]
[WhiteElo "1880"]
[BlackElo "1950"]
[PlyCount "133"]
[EventDate "2005.05.29"]
[SourceDate "2004.09.21"]

1. e4 e6 2. d3 d5 3. Nd2 Nf6 4. Ngf3 c5 5. g3 Nc6 6. Bg2 Qc7 7. O-O Be7 8. Re1
b6 9. e5 Nd7 10. Qe2 Bb7 11. c4 d4 12. Ne4 h6 13. Bf4 g5 14. Nd6+ Bxd6 15. exd6
Qb8 16. Ne5 Ncxe5 17. Bxe5 Rh7 18. Bh3 Qc8 19. Qh5 Qc6 20. f3 Qxf3 21. Qxf3
Bxf3 22. Kf2 Bc6 23. b4 Nxe5 24. Rxe5 cxb4 25. Bf5 Rh8 26. Be4 Bxe4 27. Rxe4
Kd7 28. Rxd4 a5 29. Ke3 Kc6 30. Rf1 f5 31. g4 Rhf8 32. gxf5 exf5 33. Rd5 f4+
34. Kd4 Rad8 35. c5 bxc5+ 36. Rxc5+ Kb6 37. Rd5 f3 38. d7 g4 39. Rd6+ Kb5 40.
Rf2 h5 41. Rd5+ Ka4 42. Rxh5 Rxd7+ 43. Ke3 Rfd8 44. Rd2 Rd5 45. Rxd5 Rxd5 46.
Kf4 Rd4+ 47. Ke5 Rd8 48. d4 Re8+ 49. Kf6 Re2 50. Rd1 f2 51. Rf1 Ka3 52. d5 Kxa2
53. d6 Rd2 54. Ke6 b3 55. d7 b2 56. Rxf2 Rxd7 57. Kxd7 Ka1 58. Rf5 b1=Q 59.
Rxa5+ Qa2 60. Rxa2+ Kxa2 61. Ke6 Kb3 62. Kf5 Kc4 63. Kxg4 Kd5 64. Kg5 Ke6 65.
Kg6 Ke7 66. Kg7 Ke6 67. h4 1-0

[Event "4NCL/Div4a/CONQ vs. RICB"]
[Site "Telford ENG"]
[Date "2005.05.29"]
[Round "10.3"]
[White "Foster, James C"]
[Black "Kenyon, Scott"]
[Result "1-0"]
[WhiteElo "1835"]
[BlackElo "1875"]
[PlyCount "77"]
[EventDate "2005.05.29"]
[SourceDate "2004.09.21"]

1. e4 e6 2. d4 d5 3. exd5 exd5 4. c4 Nf6 5. Bd3 dxc4 6. Bxc4 Bf5 7. Ne2 Nc6 8.
Nbc3 Bd6 9. Bg5 Nb4 10. Rc1 c6 11. a3 Na6 12. Qb3 Qc7 13. Bxf6 gxf6 14. Nb5
Qa5+ 15. Nbc3 O-O-O 16. O-O Nc7 17. Bxf7 h5 18. d5 c5 19. Ng3 Bd7 20. Nce4 Ba4
21. Nxd6+ Rxd6 22. Qe3 b6 23. Nf5 Rd7 24. b4 cxb4 25. Be6 Kb8 26. Qf4 Rdh7 27.
axb4 Qa6 28. Nd4 Qb7 29. Nc6+ Ka8 30. Qxf6 Rh6 31. Qe5 Nxe6 32. Nxa7 Qxa7 33.
dxe6 Qe7 34. Ra1 Qxb4 35. Rfb1 Qc4 36. Rxb6 R6h7 37. e7 Rxe7 38. Qxh8+ Re8 39.
Qxe8+ 1-0

[Event "4NCL/Div4a/CONQ vs. RICB"]
[Site "Telford ENG"]
[Date "2005.05.29"]
[Round "10.4"]
[White "O'Toole, Tony"]
[Black "Goldberg, Nathan"]
[Result "0-1"]
[WhiteElo "1670"]
[BlackElo "1905"]
[PlyCount "66"]
[EventDate "2005.05.29"]
[SourceDate "2004.09.21"]

1. Nf3 e6 2. e4 c5 3. d3 Nc6 4. Nbd2 g6 5. g3 Bg7 6. Bg2 Nge7 7. c3 O-O 8. O-O
b5 9. a3 Rb8 10. Rb1 b4 11. axb4 cxb4 12. c4 a5 13. Re1 d6 14. b3 Qb6 15. Bb2
Bxb2 16. Rxb2 Nd4 17. Rb1 Nec6 18. Nxd4 Nxd4 19. Nf3 Bb7 20. Nxd4 Qxd4 21. Ra1
Ra8 22. Bf1 f5 23. Bg2 fxe4 24. Ra2 d5 25. dxe4 Qxd1 26. Rxd1 dxc4 27. bxc4 a4
28. Rad2 a3 29. Bh3 b3 30. Bxe6+ Kh8 31. c5 b2 32. Ba2 Bxe4 33. Kf1 Rfb8 0-1

[Event "4NCL/Div4a/OXF2 vs. SLOS2"]
[Site "Telford ENG"]
[Date "2005.05.29"]
[Round "10.1"]
[White "Webster, Ian"]
[Black "Rudolf, Anna"]
[Result "1-0"]
[WhiteElo "2116"]
[BlackElo "2210"]
[PlyCount "105"]
[EventDate "2005.05.29"]
[SourceDate "2004.09.21"]

1. e4 e6 2. Nf3 d5 3. e5 c5 4. b4 cxb4 5. d4 Nc6 6. a3 Qa5 7. Bd3 bxa3+ 8. Bd2
Qb6 9. c3 Bd7 10. Nxa3 Bxa3 11. Rxa3 Na5 12. Ng5 Bb5 13. Qf3 Nh6 14. Nxh7 Bxd3
15. Qxd3 Nf5 16. Ng5 Nc4 17. Ra1 f6 18. exf6 gxf6 19. Nf3 Kf7 20. Bf4 Rag8 21.
O-O a6 22. Rfe1 Rg4 23. Bg3 Nxg3 24. hxg3 Nd6 25. Ne5+ fxe5 26. Qf3+ Nf5 27.
Qxg4 exd4 28. Rab1 Qa7 29. Qf4 Qb8 30. Qf3 d3 31. Rb6 Qc8 32. Qxd3 Re8 33. Qf3
Kg8 34. g4 Ng7 35. c4 Rf8 36. Qg3 dxc4 37. Rd1 Rf7 38. Rbd6 Qc5 39. Rd8+ Kh7
40. Qh4+ Kg6 41. g5 c3 42. Qh6+ Kf5 43. Qh7+ Kxg5 44. R1d4 c2 45. Qh4+ Kf5 46.
Qe4+ Kf6 47. Qh4+ Kf5 48. Qh3+ Kf6 49. Qh6+ Kf5 50. g4+ Ke5 51. Qe3+ Kf6 52.
Rf4+ Ke7 53. Qxc5+ 1-0

[Event "4NCL/Div4a/OXF2 vs. SLOS2"]
[Site "Telford ENG"]
[Date "2005.05.29"]
[Round "10.2"]
[White "Smith, Andrew P"]
[Black "Ludbrook, Matt"]
[Result "1-0"]
[WhiteElo "2204"]
[BlackElo "2039"]
[PlyCount "37"]
[EventDate "2005.05.29"]
[SourceDate "2004.09.21"]

1. e4 e6 2. d4 d5 3. Nc3 Bb4 4. e5 c5 5. a3 Bxc3+ 6. bxc3 Ne7 7. Qg4 O-O 8. Bd3
Qa5 9. Bd2 Qa4 10. Qh5 g6 11. Qh6 f6 12. Nf3 Nd7 13. h4 Rf7 14. h5 Nf5 15. Bxf5
gxf5 16. Rh3 Nxe5 17. Nxe5 fxe5 18. Rg3+ Kh8 19. Bg5 1-0

[Event "4NCL/Div4a/OXF2 vs. SLOS2"]
[Site "Telford ENG"]
[Date "2005.05.29"]
[Round "10.3"]
[White "Bruce, Dave"]
[Black "Richmond, Robert J"]
[Result "0-1"]
[WhiteElo "2075"]
[BlackElo "2257"]
[PlyCount "82"]
[EventDate "2005.05.29"]
[SourceDate "2004.09.21"]

1. e4 e6 2. d4 d5 3. Nd2 Nf6 4. e5 Nfd7 5. Bd3 c5 6. c3 Nc6 7. Ngf3 Be7 8. O-O
g5 9. dxc5 Bxc5 10. Nb3 Be7 11. Bb5 g4 12. Nfd4 Ncxe5 13. f4 gxf3 14. Nxf3 Ng6
15. Kh1 a6 16. Bxd7+ Bxd7 17. Nfd4 e5 18. Nf5 Bxf5 19. Rxf5 Qd7 20. Qf1 f6 21.
Be3 Rc8 22. Qf3 Qe6 23. Rd1 e4 24. Qh5 O-O 25. Nd4 Qf7 26. Rxd5 Rcd8 27. Nf5
Rxd5 28. Nh6+ Kg7 29. Rxd5 Qe6 30. Nf5+ Kg8 31. Nd4 Qc8 32. Rf5 Qc4 33. a3 Rd8
34. Qd1 Ne5 35. h3 Kh8 36. Qh5 Qd3 37. Qh6 Rg8 38. Ne6 Qe2 39. Rf2 Qe1+ 40. Kh2
Nf3+ 41. Rxf3 exf3 0-1

[Event "4NCL/Div4a/OXF2 vs. SLOS2"]
[Site "Telford ENG"]
[Date "2005.05.29"]
[Round "10.4"]
[White "Hersvik, Daniel"]
[Black "Morris, Graham"]
[Result "1-0"]
[WhiteElo "2243"]
[BlackElo "2050"]
[PlyCount "115"]
[EventDate "2005.05.29"]
[SourceDate "2004.09.21"]

1. e4 c5 2. Nf3 Nc6 3. d4 cxd4 4. Nxd4 e5 5. Nb5 a6 6. Nd6+ Bxd6 7. Qxd6 Qf6 8.
Qd2 Qg6 9. f3 Nge7 10. Nc3 O-O 11. Bc4 d6 12. Nd5 Nxd5 13. Bxd5 Be6 14. O-O
Rac8 15. c3 b5 16. a4 Bxd5 17. Qxd5 b4 18. Bd2 a5 19. cxb4 Nd4 20. Bc3 Nc2 21.
b5 Ne3 22. Qd2 Nxf1 23. Kxf1 Qe6 24. Bxa5 Qb3 25. Ra3 Qc4+ 26. Qd3 Qc1+ 27. Be1
Qxb2 28. a5 Rc1 29. Rc3 Rc8 30. Rxc8+ Rxc8 31. b6 Rc1 32. Qe2 Qb1 33. Kf2 Rc2
34. Bd2 Qb2 35. Ke1 Qa1+ 36. Qd1 Qb2 37. a6 Rxd2 38. Qxd2 Qxb6 39. Qa2 Qa7 40.
Qc4 Qg1+ 41. Kd2 g6 42. Kc3 Kg7 43. Kb4 h5 44. Kb5 Qa7 45. Qc6 Qd4 46. Qb6 Qd3+
47. Kc6 Qc4+ 48. Kb7 Qa4 49. a7 Qd7+ 50. Kb8 Qe8+ 51. Kc7 Qe7+ 52. Kc6 Qe8+ 53.
Kxd6 Qe6+ 54. Kc5 Qe7+ 55. Kc4 Qe8 56. Qa6 Qa8 57. Kb5 Kh7 58. Qb6 1-0

[Event "4NCL/Div4a/OXF2 vs. SLOS2"]
[Site "Telford ENG"]
[Date "2005.05.29"]
[Round "10.5"]
[White "Smith, Jonathan"]
[Black "Roberson, Peter T"]
[Result "0-1"]
[WhiteElo "1925"]
[BlackElo "2139"]
[PlyCount "88"]
[EventDate "2005.05.29"]
[SourceDate "2004.09.21"]

1. e4 c6 2. d4 d5 3. e5 Bf5 4. Nc3 e6 5. g4 Bg6 6. Nge2 Ne7 7. f4 Na6 8. Ng3
Nb4 9. f5 exf5 10. a3 f4 11. axb4 fxg3 12. hxg3 a6 13. Ne2 Be4 14. Rh2 Ng6 15.
c3 Bf3 16. Bh3 Be7 17. Rf2 Be4 18. Nf4 O-O 19. Nh5 Bg5 20. Bxg5 Qxg5 21. Qd2 h6
22. Nf4 Rfe8 23. Nd3 Qxd2+ 24. Kxd2 Bxd3 25. Kxd3 Nf8 26. Raf1 Re7 27. Bg2 Nd7
28. Rf5 Rae8 29. g5 hxg5 30. Rxg5 f6 31. exf6 Re3+ 32. Kc2 Nxf6 33. Rxf6 Re2+
34. Kb3 Rxg2 35. Rfg6 Re7 36. Rg4 Kf8 37. Ka3 Ree2 38. Rxg7 Rxb2 39. b5 a5 40.
Rg8+ Ke7 41. R4g7+ Kf6 42. c4 dxc4 43. Rg6+ Kf5 44. Rg5+ Ke4 0-1

[Event "4NCL/Div4a/OXF2 vs. SLOS2"]
[Site "Telford ENG"]
[Date "2005.05.29"]
[Round "10.6"]
[White "Linford, Charles"]
[Black "Hadi, Justin"]
[Result "1/2-1/2"]
[WhiteElo "2142"]
[BlackElo "1845"]
[PlyCount "85"]
[EventDate "2005.05.29"]
[SourceDate "2004.09.21"]

1. e4 c5 2. Nf3 Nc6 3. d4 cxd4 4. Nxd4 Nf6 5. Nc3 e5 6. Ndb5 d6 7. Bg5 a6 8.
Na3 b5 9. Bxf6 gxf6 10. Nd5 f5 11. Bxb5 axb5 12. Nxb5 Ra4 13. b4 Qh4 14. O-O
Rg8 15. f4 Bb7 16. c3 Ra6 17. Nbc7+ Kd7 18. Nxa6 Bxa6 19. Rf2 Bb7 20. b5 Ne7
21. fxe5 Nxd5 22. exd5 dxe5 23. Rxf5 Bc5+ 24. Kh1 Qe4 25. Qf1 Bxd5 26. Rd1 Ke7
27. Rxd5 Qxd5 28. Qe2 f6 29. c4 Qd4 30. Rf1 Qg4 31. Qc2 Qg6 32. Qe2 Rd8 33. Qf3
e4 34. Qf4 Bd6 35. Qe3 Rc8 36. Qd4 Rg8 37. Rf2 Rd8 38. Re2 f5 39. Qc3 Qf6 40.
Qe3 Qe5 41. g3 Bc5 42. Qg5+ Qf6 43. Qf4 1/2-1/2